Normal view
MARC view
- MUMTAZ ALI KHAN
Entry Personal Name
001 - CONTROL NUMBER
- control field: 72868
003 - CONTROL NUMBER IDENTIFIER
- control field: NUST
005 - DATE AND TIME OF LATEST TRANSACTION
- control field: 20210628204930.0
008 - FIXED-LENGTH DATA ELEMENTS
- fixed length control field: 210628|| aca||aabn | a|a d
040 ## - CATALOGING SOURCE
- Original cataloging agency: NUST
- Transcribing agency: NUST
100 ## - HEADING--PERSONAL NAME
- Personal name: MUMTAZ ALI KHAN
670 ## - SOURCE DATA FOUND
- Source citation: Work cat.: (NUST): MUMTAZ ALI KHAN,, TH-SOF-0615-MODELING AND SIMULATION OF TRANSIENT SHEAR HEATING EFFECTS IN EHL OF PISTON SKIRTS DURING, 2018
